<?xml version="1.0" encoding="UTF-8"?>
<record
    xmlns:xsi="http://www.w3.org/2001/XMLSchema-instance"
    xsi:schemaLocation="http://www.loc.gov/MARC21/slim http://www.loc.gov/standards/marcxml/schema/MARC21slim.xsd"
    xmlns="http://www.loc.gov/MARC21/slim">

  <leader>00673nam a22002177a 4500</leader>
  <datafield tag="952" ind1=" " ind2=" ">
    <subfield code="0">0</subfield>
    <subfield code="1">0</subfield>
    <subfield code="2">ddc</subfield>
    <subfield code="4">0</subfield>
    <subfield code="7">1</subfield>
    <subfield code="8">NFIC</subfield>
    <subfield code="a">ASL</subfield>
    <subfield code="b">ASL</subfield>
    <subfield code="c">ASBP</subfield>
    <subfield code="d">2016-12-08</subfield>
    <subfield code="e">ASB Publications</subfield>
    <subfield code="h">ASP-018</subfield>
    <subfield code="l">0</subfield>
    <subfield code="o">954.92 KAD</subfield>
    <subfield code="p">100091</subfield>
    <subfield code="r">2016-12-08 00:00:00</subfield>
    <subfield code="t">C-1</subfield>
    <subfield code="w">2016-12-08</subfield>
    <subfield code="y">BK</subfield>
    <subfield code="z">RARE</subfield>
  </datafield>
  <datafield tag="952" ind1=" " ind2=" ">
    <subfield code="0">0</subfield>
    <subfield code="1">0</subfield>
    <subfield code="2">ddc</subfield>
    <subfield code="4">0</subfield>
    <subfield code="7">1</subfield>
    <subfield code="8">NFIC</subfield>
    <subfield code="a">ASL</subfield>
    <subfield code="b">ASL</subfield>
    <subfield code="c">DC</subfield>
    <subfield code="d">2016-12-08</subfield>
    <subfield code="e">ASB Publications</subfield>
    <subfield code="h">ASP-018</subfield>
    <subfield code="l">0</subfield>
    <subfield code="o">954.92 KAD</subfield>
    <subfield code="p">100092</subfield>
    <subfield code="r">2016-12-08 00:00:00</subfield>
    <subfield code="t">C-1</subfield>
    <subfield code="w">2016-12-08</subfield>
    <subfield code="y">BK</subfield>
    <subfield code="z">RARE</subfield>
  </datafield>
  <datafield tag="952" ind1=" " ind2=" ">
    <subfield code="0">0</subfield>
    <subfield code="1">0</subfield>
    <subfield code="2">ddc</subfield>
    <subfield code="4">0</subfield>
    <subfield code="7">1</subfield>
    <subfield code="8">NFIC</subfield>
    <subfield code="a">ASL</subfield>
    <subfield code="b">ASL</subfield>
    <subfield code="c">GEN</subfield>
    <subfield code="d">2016-12-08</subfield>
    <subfield code="e">ASB Publications</subfield>
    <subfield code="h">ASP-018</subfield>
    <subfield code="l">0</subfield>
    <subfield code="o">954.92 KAD</subfield>
    <subfield code="p">100093</subfield>
    <subfield code="r">2016-12-08 00:00:00</subfield>
    <subfield code="t">C-3</subfield>
    <subfield code="w">2016-12-08</subfield>
    <subfield code="y">BK</subfield>
    <subfield code="z">RARE</subfield>
  </datafield>
  <datafield tag="952" ind1=" " ind2=" ">
    <subfield code="0">0</subfield>
    <subfield code="1">0</subfield>
    <subfield code="2">ddc</subfield>
    <subfield code="4">0</subfield>
    <subfield code="7">1</subfield>
    <subfield code="8">NFIC</subfield>
    <subfield code="a">ASL</subfield>
    <subfield code="b">ASL</subfield>
    <subfield code="c">GEN</subfield>
    <subfield code="d">2016-12-08</subfield>
    <subfield code="e">ASB Publications</subfield>
    <subfield code="h">ASP-018</subfield>
    <subfield code="l">0</subfield>
    <subfield code="o">954.92 KAD</subfield>
    <subfield code="p">100094</subfield>
    <subfield code="r">2016-12-08 00:00:00</subfield>
    <subfield code="t">C-4</subfield>
    <subfield code="w">2016-12-08</subfield>
    <subfield code="y">BK</subfield>
    <subfield code="z">RARE</subfield>
  </datafield>
  <datafield tag="952" ind1=" " ind2=" ">
    <subfield code="0">0</subfield>
    <subfield code="1">0</subfield>
    <subfield code="2">ddc</subfield>
    <subfield code="4">0</subfield>
    <subfield code="7">1</subfield>
    <subfield code="8">NFIC</subfield>
    <subfield code="a">ASL</subfield>
    <subfield code="b">ASL</subfield>
    <subfield code="c">GEN</subfield>
    <subfield code="d">2016-12-08</subfield>
    <subfield code="e">ASB Publications</subfield>
    <subfield code="h">ASP-018</subfield>
    <subfield code="l">0</subfield>
    <subfield code="o">954.92 KAD</subfield>
    <subfield code="p">100095</subfield>
    <subfield code="r">2016-12-08 00:00:00</subfield>
    <subfield code="t">C-5</subfield>
    <subfield code="w">2016-12-08</subfield>
    <subfield code="y">BK</subfield>
    <subfield code="z">RARE</subfield>
  </datafield>
  <datafield tag="952" ind1=" " ind2=" ">
    <subfield code="0">0</subfield>
    <subfield code="1">0</subfield>
    <subfield code="2">ddc</subfield>
    <subfield code="4">0</subfield>
    <subfield code="7">1</subfield>
    <subfield code="8">NFIC</subfield>
    <subfield code="a">ASL</subfield>
    <subfield code="b">ASL</subfield>
    <subfield code="c">GEN</subfield>
    <subfield code="d">2021-02-16</subfield>
    <subfield code="e">ASB Publications</subfield>
    <subfield code="h">ASP-018</subfield>
    <subfield code="l">0</subfield>
    <subfield code="o">954.92 KAD</subfield>
    <subfield code="p">105915</subfield>
    <subfield code="r">2021-02-16 00:00:00</subfield>
    <subfield code="t">C-6</subfield>
    <subfield code="w">2021-02-16</subfield>
    <subfield code="y">BK</subfield>
    <subfield code="z">RARE</subfield>
  </datafield>
  <datafield tag="952" ind1=" " ind2=" ">
    <subfield code="0">0</subfield>
    <subfield code="1">0</subfield>
    <subfield code="2">ddc</subfield>
    <subfield code="4">0</subfield>
    <subfield code="7">0</subfield>
    <subfield code="8">NFIC</subfield>
    <subfield code="a">ASL</subfield>
    <subfield code="b">ASL</subfield>
    <subfield code="c">DC</subfield>
    <subfield code="d">2022-05-31</subfield>
    <subfield code="e">Donated by Prof. Sirajul Islam FRHS</subfield>
    <subfield code="h">ASP-18</subfield>
    <subfield code="l">0</subfield>
    <subfield code="o">954.92 KAD</subfield>
    <subfield code="p">116874</subfield>
    <subfield code="r">2022-05-31 00:00:00</subfield>
    <subfield code="t">C-7</subfield>
    <subfield code="w">2022-05-31</subfield>
    <subfield code="y">BK</subfield>
    <subfield code="z">RARE</subfield>
  </datafield>
  <datafield tag="999" ind1=" " ind2=" ">
    <subfield code="c">17511</subfield>
    <subfield code="d">17511</subfield>
  </datafield>
  <controlfield tag="003">BDDh-ASL</controlfield>
  <controlfield tag="005">20231015025545.0</controlfield>
  <controlfield tag="008">161208b1964    pk ab||| |||| 001 0 eng |</controlfield>
  <datafield tag="040" ind1=" " ind2=" ">
    <subfield code="a">BDDh-ASL</subfield>
    <subfield code="c">BDDh-ASL</subfield>
    <subfield code="d">BDDh-ASL</subfield>
  </datafield>
  <datafield tag="082" ind1=" " ind2=" ">
    <subfield code="a">954.92</subfield>
    <subfield code="b">KAD</subfield>
  </datafield>
  <datafield tag="100" ind1="1" ind2=" ">
    <subfield code="a">Karim, Abdul</subfield>
    <subfield code="9">84</subfield>
  </datafield>
  <datafield tag="245" ind1="1" ind2="0">
    <subfield code="a">Dacca The Mughal Capital/</subfield>
  </datafield>
  <datafield tag="260" ind1=" " ind2=" ">
    <subfield code="a">Dacca:</subfield>
    <subfield code="b">Asiatic Society of Pakistan,</subfield>
    <subfield code="c">1964.</subfield>
  </datafield>
  <datafield tag="300" ind1=" " ind2=" ">
    <subfield code="a">xii, 514 p.:</subfield>
    <subfield code="b">ill,;</subfield>
    <subfield code="c">25 cm.</subfield>
  </datafield>
  <datafield tag="440" ind1=" " ind2=" ">
    <subfield code="a">Asiatic Society of Pakistan publication. </subfield>
    <subfield code="9">217</subfield>
    <subfield code="v">no. 18</subfield>
  </datafield>
  <datafield tag="500" ind1=" " ind2=" ">
    <subfield code="a">Includes index.</subfield>
  </datafield>
  <datafield tag="504" ind1=" " ind2=" ">
    <subfield code="a">Bibliography:P. [498]-503</subfield>
  </datafield>
  <datafield tag="650" ind1=" " ind2=" ">
    <subfield code="x">Dhaka</subfield>
    <subfield code="z">Bangladesh</subfield>
    <subfield code="9">85</subfield>
  </datafield>
  <datafield tag="651" ind1=" " ind2=" ">
    <subfield code="2">History of Dhaka</subfield>
    <subfield code="a">Dhaka</subfield>
    <subfield code="x">Bangladesh</subfield>
    <subfield code="9">86</subfield>
  </datafield>
  <datafield tag="942" ind1=" " ind2=" ">
    <subfield code="2">ddc</subfield>
    <subfield code="c">BK</subfield>
  </datafield>
</record>
